000 00300nam a22001337a 4500
008 170530b xxu||||| |||| 00| 0 eng d
020 _a30453839
041 _aeng
080 _a94(7/8)
100 _a17
101 _aSHH
245 _aTHE OPENING OF AMERICAN SOCIETY
_cWIEBE, R.H
942 _2udc
_cBK
999 _c15041
_d15041